Colombo (Record no. 94442)

MARC details
000 -LEADER
fixed length control field nam a22 4500
005 - DATE AND TIME OF LATEST TRANSACTION
control field 20180523175518.0
008 - FIXED-LENGTH DATA ELEMENTS--GENERAL INFORMATION
fixed length control field 180523b ||||| |||| 00| 0 eng d
080 ## - UNIVERSAL DECIMAL CLASSIFICATION NUMBER
Universal Decimal Classification number F MULL
100 ## - MAIN ENTRY--PERSONAL NAME
Personal name Muller, Carl
245 ## - TITLE STATEMENT
Title Colombo
Remainder of title A novel
260 ## - PUBLICATION, DISTRIBUTION, ETC. (IMPRINT)
Place of publication, distribution, etc Delhi
Name of publisher, distributor, etc Penguin Books India
Date of publication, distribution, etc 1995
300 ## - PHYSICAL DESCRIPTION
Extent 481p.
653 ## - INDEX TERM--UNCONTROLLED
Uncontrolled term Fiction-English
942 ## - ADDED ENTRY ELEMENTS (KOHA)
item type Books
Holdings
Lost status Source of classification or shelving scheme Not for loan Home library Current library Shelving location Date acquired Total Checkouts Full call number Barcode Date last seen Price effective from Koha item type
  Universal Decimal Classification   University Library University Library General Stacks 23/05/2018   F MULL 00055143 23/05/2018 23/05/2018 Books
University Library, CUSAT